=LDR 00000nam 2200000 4500 =001 INLIS000000000038437 =005 20130612144115 =008 ***********************************Ind** =035 ##$$0010-061300000038437 =041 ##$$a Ind =082 ##$$a 641.1 =090 ##$$a 641.1, Ram m =100 ##$$a Ramayulik, Rita =245 ##$$a Menu dan rerp untuk penderita diabetes melitus, Rita Ramayulik, Trina Astuti, Ts. Harumi =260 ##$$a 2009 $b Jakarta =300 ##$$a 155 hlm, Ilus, 21 cm =650 ##$$a Gizi - Makanan - Pederita Diabetes =700 ##$$a Astuti, Diabetes =850 ##$$a NBPNMAT